[Event "Railway 5 Countries 32nd"]
[Site "Berlin"]
[Date "2022.09.17"]
[Round "5.9"]
[White "Bass, John W"]
[Black "Reist, Daniel"]
[Result "0-1"]
[WhiteElo "1996"]
[BlackElo "1983"]
[PlyCount "54"]
[EventDate "2022.09.15"]
[EventType "team-tourn"]
[EventRounds "5"]
[EventCountry "GER"]
[SourceTitle "CBM 210 Extra"]
[Source "ChessBase"]
[SourceDate "2022.11.30"]
[SourceVersion "1"]
[SourceVersionDate "2022.11.30"]
[SourceQuality "1"]
[WhiteTeam "Great Britain"]
[BlackTeam "Switzerland"]
[WhiteTeamCountry "GBR"]
[BlackTeamCountry "SUI"]

1. d4 Nf6 2. c4 e6 3. Nc3 Bb4 4. e3 0-0 5. Nf3 b6 6. Bd3 Bb7 7. Bd2 Bxc3 8. Bxc3 Ne4 9. Rc1 f5 10. 0-0 d6 11. b4 Nd7 12. Ba1 Qe7 13. Qe2 a5 14. b5 Ng5 15. Nxg5 Qxg5 16. f3 Rae8 17. e4 f4 18. e5 h5 19. Be4 Bxe4 20. Qxe4 dxe5 21. c5 exd4 22. cxb6 cxb6 23. Qxd4 Rf7 24. a4 Nc5 25. Qd6 Rd8 26. Qxb6 Rd2 27. g4 Qh4 0-1

[Event "Railway 5 Countries 32nd"]
[Site "Berlin"]
[Date "2022.09.16"]
[Round "3.9"]
[White "Haar, Bjarne"]
[Black "Bass, John W"]
[Result "1/2-1/2"]
[WhiteElo "1990"]
[BlackElo "1996"]
[PlyCount "56"]
[EventDate "2022.09.15"]
[EventType "team-tourn"]
[EventRounds "5"]
[EventCountry "GER"]
[SourceTitle "CBM 210 Extra"]
[Source "ChessBase"]
[SourceDate "2022.11.30"]
[SourceVersion "1"]
[SourceVersionDate "2022.11.30"]
[SourceQuality "1"]
[WhiteTeam "Denmark"]
[BlackTeam "Great Britain"]
[WhiteTeamCountry "DEN"]
[BlackTeamCountry "GBR"]

1. d4 e6 2. Nf3 f5 3. Bf4 Nf6 4. Nbd2 g6 5. e3 Bg7 6. Bd3 0-0 7. c3 d6 8. Qb3 Qe7 9. Bg5 Kh8 10. 0-0-0 a5 11. h4 a4 12. Qa3 Qe8 13. e4 e5 14. Bxf6 Bxf6 15. h5 exd4 16. hxg6 Qxg6 17. e5 dxc3 18. bxc3 Be7 19. Nh4 Qg7 20. Ndf3 Nc6 21. exd6 Bxd6 22. Qb2 Ne5 23. Nxe5 Bxe5 24. Kc2 b6 25. Qb4 Bd6 26. Qb2 Be5 27. Qb4 Bd6 28. Qb2 Be5 1/2-1/2

[Event "Railway 5 Countries 32nd"]
[Site "Berlin"]
[Date "2022.09.15"]
[Round "1.3"]
[White "Grahl, Arvid"]
[Black "Bass, John W"]
[Result "1-0"]
[WhiteElo "2170"]
[BlackElo "1996"]
[PlyCount "53"]
[EventDate "2022.09.15"]
[EventType "team-tourn"]
[EventRounds "5"]
[EventCountry "GER"]
[SourceTitle "CBM 210 Extra"]
[Source "ChessBase"]
[SourceDate "2022.11.30"]
[SourceVersion "1"]
[SourceVersionDate "2022.11.30"]
[SourceQuality "1"]
[WhiteTeam "Germany"]
[BlackTeam "Great Britain"]
[WhiteTeamCountry "GER"]
[BlackTeamCountry "GBR"]

1. d4 Nf6 2. c4 e6 3. Nc3 Bb4 4. Qc2 c5 5. dxc5 Nc6 6. Nf3 Bxc5 7. Bg5 h6 8. Bh4 0-0 9. e3 b6 10. Be2 Bb7 11. 0-0 Be7 12. Rfd1 Rc8 13. Rd2 a6 14. Rad1 d6 15. Bg3 Qc7 16. Rxd6 Bxd6 17. Bxd6 Qd8 18. Bxf8 Qxf8 19. Qb3 Qb4 20. Qxb4 Nxb4 21. a3 Nc6 22. Na4 Na5 23. Ne5 Rb8 24. Nxb6 Be4 25. c5 Nb3 26. Ned7 Nxd7 27. Nxd7 1-0

[Event "GBR-ch Seniors 50 108th"]
[Site "Torquay"]
[Date "2022.08.11"]
[Round "5"]
[White "Fegan, Chris"]
[Black "Bass, John W"]
[Result "1/2-1/2"]
[WhiteElo "2025"]
[BlackElo "1996"]
[PlyCount "60"]
[EventDate "2022.08.08"]
[EventType "swiss"]
[EventRounds "7"]
[EventCountry "ENG"]
[SourceTitle "EXT 2024"]
[Source "ChessBase"]
[SourceDate "2023.10.10"]
[SourceVersion "1"]
[SourceVersionDate "2023.10.10"]
[SourceQuality "1"]

1. e4 e6 2. c4 c5 3. Nf3 Nc6 4. g3 a6 5. Bg2 g6 6. d4 cxd4 7. Nxd4 Bg7 8. Be3 Nge7 9. 0-0 0-0 10. Nc3 Qc7 11. Rc1 Nxd4 12. Bxd4 Bxd4 13. Qxd4 Nc6 14. Qe3 Rb8 15. f4 f5 16. exf5 gxf5 17. g4 b5 18. gxf5 bxc4 19. Kh1 Kh8 20. fxe6 dxe6 21. Ne4 Qg7 22. Ng5 Nd4 23. Rxc4 Nf5 24. Qa3 Bb7 25. Bxb7 Qxb7+ 26. Kg1 Qxb2 27. Qh3 Qb6+ 28. Kh1 Qb7+ 29. Kg1 Qb6+ 30. Kh1 Qb7+ 1/2-1/2

[Event "Torquay Rowena Challengers"]
[Site "Torquay"]
[Date "2019.09.07"]
[Round "7"]
[White "Bovtramovics, Vladimirs"]
[Black "Bass, John W"]
[Result "0-1"]
[WhiteElo "1804"]
[BlackElo "1996"]
[PlyCount "92"]
[EventDate "2019.09.01"]
[EventType "swiss"]
[EventRounds "7"]
[EventCountry "ENG"]
[SourceTitle "CBM 192 Extra"]
[Source "Chessbase"]
[SourceDate "2019.11.06"]
[SourceVersion "1"]
[SourceVersionDate "2019.11.06"]
[SourceQuality "1"]

1. Nf3 Nf6 2. d4 d5 3. c4 dxc4 4. Nc3 a6 5. e4 e6 6. Bxc4 b5 7. Bd3 c5 8. 0-0 Bb7 9. Bg5 cxd4 10. Nxd4 Be7 11. e5 Nd5 12. Bxe7 Qxe7 13. Ne4 0-0 14. Qh5 g6 15. Qh6 f6 16. f4 Nc6 17. Nxc6 Bxc6 18. Rac1 Rac8 19. Nd6 Rc7 20. Be4 f5 21. Bf3 Ba8 22. h4 Ne3 23. Rfe1 Bxf3 24. gxf3 Nc4 25. Qg5 Qg7 26. Nxc4 Rxc4 27. b3 Qa7+ 28. Kg2 Rd4 29. Re2 Qd7 30. h5 Rf7 31. h6 Rd2 32. Rce1 Qd3 33. Rf2 Rxf2+ 34. Kxf2 Qd2+ 35. Re2 Qd4+ 36. Kg2 Qd3 37. Rf2 b4 38. Qh4 a5 39. Kg3 Qd1 40. Qh2 Rd7 41. Rc2 Qe1+ 42. Qf2 Qd1 43. Kh4 Qh1+ 44. Qh2 Qxf3 45. Kg5 Kf7 46. Rc8 Qg4# 0-1

[Event "Torquay Rowena Challengers"]
[Site "Torquay"]
[Date "2019.09.02"]
[Round "2"]
[White "Bass, John W"]
[Black "Siddall, Dave"]
[Result "1-0"]
[WhiteElo "1996"]
[BlackElo "1797"]
[PlyCount "44"]
[EventDate "2019.09.01"]
[EventType "swiss"]
[EventRounds "7"]
[EventCountry "ENG"]
[SourceTitle "CBM 192 Extra"]
[Source "Chessbase"]
[SourceDate "2019.11.06"]
[SourceVersion "1"]
[SourceVersionDate "2019.11.06"]
[SourceQuality "1"]

1. d4 d5 2. c4 e6 3. Nf3 Nf6 4. Nc3 c6 5. e3 Nbd7 6. Bd3 Bd6 7. 0-0 0-0 8. e4 dxc4 9. Bxc4 e5 10. Be3 exd4 11. Bxd4 Bc5 12. e5 Bxd4 13. Qxd4 Nb6 14. Bb3 Qxd4 15. Nxd4 Nfd5 16. Nxd5 Nxd5 17. Bxd5 cxd5 18. Rac1 Re8 19. f4 Re7 20. Rc5 b6 21. Rxd5 Bb7 22. Rd6 Rc8 1-0

[Event "EU-chT Railways USIC 19th"]
[Site "St Petersburg"]
[Date "2016.07.06"]
[Round "3.7"]
[White "Nikogeorgos, Athanasios"]
[Black "Bass, John W"]
[Result "0-1"]
[WhiteElo "1515"]
[BlackElo "2023"]
[PlyCount "76"]
[EventDate "2016.07.05"]
[EventType "team-swiss"]
[EventRounds "5"]
[EventCountry "RUS"]
[SourceTitle "EXT 2020"]
[Source "ChessBase"]
[SourceDate "2019.10.17"]
[SourceVersion "1"]
[SourceVersionDate "2019.10.17"]
[SourceQuality "1"]
[WhiteTeam "Greece (rail)"]
[BlackTeam "England (rail)"]
[WhiteTeamCountry "GRE"]
[BlackTeamCountry "ENG"]

1. d4 Nf6 2. c4 e6 3. Nf3 Bb4+ 4. Bd2 a5 5. e3 b6 6. Nc3 Bb7 7. Be2 0-0 8. 0-0 d6 9. a3 Bxc3 10. Bxc3 Ne4 11. Qc2 f5 12. b4 Nd7 13. Rfd1 Qe7 14. Bb2 Ndf6 15. Nd2 Nxd2 16. Qxd2 Ne4 17. Qc2 Qh4 18. g3 Qe7 19. Bf1 g5 20. Bg2 Qf7 21. c5 Bd5 22. cxd6 cxd6 23. Rac1 g4 24. f3 Nf6 25. e4 gxf3 26. exd5 fxg2 27. dxe6 Qxe6 28. bxa5 bxa5 29. Qxg2 d5 30. Re1 Ne4 31. Rc7 Rfc8 32. Rec1 Rxc7 33. Rxc7 Rb8 34. Qc2 f4 35. Bc1 f3 36. Be3 Qh3 37. Kh1 Rb1+ 38. Bg1 Nxg3# 0-1

[Event "London Classic op 5th"]
[Site "London"]
[Date "2013.12.14"]
[Round "8"]
[White "Whatley, Stephen Arthur"]
[Black "Bass, John W"]
[Result "1/2-1/2"]
[WhiteElo "1852"]
[BlackElo "2048"]
[PlyCount "57"]
[EventDate "2013.12.07"]
[EventType "swiss"]
[EventRounds "9"]
[EventCountry "ENG"]
[SourceTitle "CBM 157 Extra"]
[Source "ChessBase"]
[SourceDate "2013.12.19"]
[SourceVersion "1"]
[SourceVersionDate "2013.12.19"]
[SourceQuality "1"]

1. d4 Nf6 2. Nf3 b6 3. Bg5 Ne4 4. Bf4 e6 5. e3 Bb7 6. Bd3 d6 7. c3 Nd7 8. Qc2 Ndf6 9. 0-0 Be7 10. Nbd2 Nxd2 11. Nxd2 0-0 12. e4 h6 13. h3 c5 14. Rac1 Qc7 15. Nc4 b5 16. Nd2 a6 17. e5 Qc6 18. Nf3 dxe5 19. dxe5 Nd5 20. Be4 Qb6 21. Bg3 Rfd8 22. Qe2 Bc6 23. Nd2 Qb7 24. Kh2 Rd7 25. b3 Rad8 26. Bxd5 Bxd5 27. f3 Bg5 28. Rcd1 Bc6 29. f4 1/2-1/2

[Event "Paignton op"]
[Site "Paignton"]
[Date "2013.09.02"]
[Round "2"]
[White "Bass, John W"]
[Black "Dilleigh, Stephen P"]
[Result "0-1"]
[WhiteElo "2073"]
[BlackElo "2135"]
[PlyCount "44"]
[EventDate "2013.09.01"]
[EventType "swiss"]
[EventRounds "7"]
[EventCountry "ENG"]
[SourceTitle "EXT 2016"]
[Source "ChessBase"]
[SourceDate "2015.10.08"]
[SourceVersion "1"]
[SourceVersionDate "2015.10.08"]
[SourceQuality "1"]

1. d4 d5 2. c4 e6 3. Nc3 Nf6 4. cxd5 exd5 5. Bg5 c6 6. e3 Be7 7. Bd3 Nbd7 8. Qc2 Nh5 9. Bxe7 Qxe7 10. Nge2 g6 11. 0-0-0 Nb6 12. Kb1 Be6 13. h3 Ng7 14. Nf4 Bf5 15. Rhe1 Bxd3 16. Nxd3 0-0-0 17. Rc1 Kb8 18. Na4 Nxa4 19. Qxa4 Nf5 20. Nc5 Nd6 21. Qb3 Ne4 22. Nd3 Nd2+ 0-1

[Event "Rail 6 countries 24th"]
[Site "Bad Salzuflen"]
[Date "2013.06.30"]
[Round "5.1"]
[White "Bass, John W"]
[Black "Horak, Michal"]
[Result "1/2-1/2"]
[WhiteElo "2073"]
[BlackElo "2299"]
[PlyCount "40"]
[EventDate "2013.06.28"]
[EventType "team-tourn"]
[EventRounds "5"]
[EventCountry "GER"]
[SourceTitle "EXT 2014"]
[Source "ChessBase"]
[SourceDate "2013.11.20"]
[SourceVersion "1"]
[SourceVersionDate "2013.11.20"]
[SourceQuality "1"]
[WhiteTeam "England"]
[BlackTeam "Czech Republic"]
[WhiteTeamCountry "ENG"]
[BlackTeamCountry "CZE"]

1. d4 Nf6 2. c4 g6 3. Nc3 Bg7 4. Nf3 0-0 5. Bg5 c5 6. e3 d6 7. Be2 Nc6 8. d5 Na5 9. Nd2 a6 10. 0-0 Rb8 11. a4 Qb6 12. Qc2 e6 13. Ra3 exd5 14. cxd5 Bf5 15. e4 Bd7 16. Nc4 Nxc4 17. Bxc4 Rfe8 18. a5 Qc7 19. h3 h6 20. Be3 Bc8 1/2-1/2

[Event "Rail 6 countries 24th"]
[Site "Bad Salzuflen"]
[Date "2013.06.30"]
[Round "4.1"]
[White "Muehlbacher, Bernhard"]
[Black "Bass, John W"]
[Result "1/2-1/2"]
[WhiteElo "2077"]
[BlackElo "2073"]
[PlyCount "37"]
[EventDate "2013.06.28"]
[EventType "team-tourn"]
[EventRounds "5"]
[EventCountry "GER"]
[SourceTitle "EXT 2014"]
[Source "ChessBase"]
[SourceDate "2013.11.20"]
[SourceVersion "1"]
[SourceVersionDate "2013.11.20"]
[SourceQuality "1"]
[WhiteTeam "Austria"]
[BlackTeam "England"]
[WhiteTeamCountry "AUT"]
[BlackTeamCountry "ENG"]

1. c4 e5 2. g3 Nf6 3. Bg2 d5 4. cxd5 Nxd5 5. Nc3 Nb6 6. Nf3 Nc6 7. 0-0 Be7 8. d3 0-0 9. Be3 Be6 10. Ne4 Nd5 11. Bc5 f6 12. d4 exd4 13. Nxd4 Nxd4 14. Qxd4 b6 15. Bxe7 Qxe7 16. Nc3 Nxc3 17. Qxc3 Rad8 18. b4 c5 19. bxc5 1/2-1/2

[Event "London Classic op 4th"]
[Site "London"]
[Date "2012.12.03"]
[Round "3"]
[White "Othman, Mustapha"]
[Black "Bass, John W"]
[Result "1/2-1/2"]
[WhiteElo "1865"]
[BlackElo "2065"]
[PlyCount "106"]
[EventDate "2012.12.01"]
[EventType "swiss"]
[EventRounds "9"]
[EventCountry "ENG"]
[SourceTitle "CBM 151 Extra"]
[Source "ChessBase"]
[SourceDate "2012.12.18"]
[SourceVersion "1"]
[SourceVersionDate "2012.12.18"]
[SourceQuality "1"]

1. e4 c5 2. Nf3 e6 3. d4 cxd4 4. Nxd4 a6 5. Nc3 Qc7 6. a3 Nf6 7. Be3 Be7 8. Be2 Nc6 9. g4 h6 10. Qd2 b5 11. f4 b4 12. axb4 Bxb4 13. Bf3 d5 14. exd5 exd5 15. 0-0 0-0 16. Qg2 Nxd4 17. Bxd4 Bc5 18. Bxc5 Qxc5+ 19. Kh1 Rb8 20. g5 hxg5 21. fxg5 Ne4 22. Nxd5 Qxd5 23. Bxe4 Qxe4 24. Qxe4 Bb7 25. Qxb7 Rxb7 26. b3 Rc8 27. Rf2 Rc6 28. Ra5 Rb5 29. Rxb5 axb5 30. Kg2 Rc3 31. Kf1 Kh7 32. Ke1 Kg6 33. Kd2 Rh3 34. c3 Kxg5 35. Rxf7 Rxh2+ 36. Kd3 Kg6 37. Rf4 Rh5 38. Kd4 Kg5 39. Rf7 Kg6 40. Ra7 Kf6 41. Ra6+ Ke7 42. Rc6 g5 43. Rc5 Rh4+ 44. Kd3 b4 45. Rxg5 Rh3+ 46. Kc2 Rxc3+ 47. Kb2 Rh3 48. Rg4 Rh2+ 49. Kc1 Kd6 50. Rxb4 Kc5 51. Rb8 Rg2 52. Rc8+ Kb4 53. Rc2 Rg3 1/2-1/2

[Event "London Classic op 4th"]
[Site "London"]
[Date "2012.12.02"]
[Round "2"]
[White "Bass, John W"]
[Black "McDonnell, James J"]
[Result "1/2-1/2"]
[WhiteElo "2065"]
[BlackElo "1912"]
[PlyCount "49"]
[EventDate "2012.12.01"]
[EventType "swiss"]
[EventRounds "9"]
[EventCountry "ENG"]
[SourceTitle "CBM 151 Extra"]
[Source "ChessBase"]
[SourceDate "2012.12.18"]
[SourceVersion "1"]
[SourceVersionDate "2012.12.18"]
[SourceQuality "1"]

1. d4 d5 2. c4 c6 3. Nf3 Nf6 4. Nc3 dxc4 5. a4 Bf5 6. e3 e6 7. Bxc4 Bb4 8. 0-0 0-0 9. Qe2 Bg6 10. Ne5 Nbd7 11. Nxg6 hxg6 12. Rd1 Qa5 13. Bd2 Rad8 14. Bb3 Nb6 15. f3 e5 16. dxe5 Qxe5 17. Ne4 Bxd2 18. Nxf6+ gxf6 19. Rxd2 Kg7 20. Rad1 Rxd2 21. Rxd2 Rh8 22. f4 Qc5 23. Rd4 Re8 24. Qd2 a5 25. g3 1/2-1/2

[Event "Paignton op"]
[Site "Paignton"]
[Date "2012.09.02"]
[Round "1"]
[White "Ledger, Dave J"]
[Black "Bass, John W"]
[Result "1/2-1/2"]
[WhiteElo "2221"]
[BlackElo "2049"]
[PlyCount "88"]
[EventDate "2012.09.02"]
[EventType "swiss"]
[EventRounds "7"]
[EventCountry "ENG"]
[SourceTitle "CBM 150 Extra"]
[Source "ChessBase"]
[SourceDate "2012.10.19"]
[SourceVersion "1"]
[SourceVersionDate "2012.10.19"]
[SourceQuality "1"]

1. e4 c5 2. Nf3 e6 3. d4 cxd4 4. Nxd4 a6 5. Nc3 Qc7 6. Bd3 Nc6 7. Nxc6 dxc6 8. 0-0 e5 9. Kh1 Bd6 10. Bc4 b5 11. Bb3 Ne7 12. Qh5 Ng6 13. Be3 0-0 14. Rad1 Nf4 15. Bxf4 exf4 16. Ne2 Be6 17. Rd3 Bxb3 18. axb3 Be5 19. c3 Rad8 20. Rfd1 Rxd3 21. Rxd3 Re8 22. f3 g6 23. Qh4 Qa5 24. Ng1 b4 25. Qe1 Rb8 26. cxb4 Qxb4 27. Qc1 c5 28. Ne2 c4 29. Rd5 Bg7 30. Qxf4 Qxb3 31. Rd7 Rf8 32. e5 Qxb2 33. Qxc4 Qa1+ 34. Ng1 Bxe5 35. f4 Bg7 36. h4 a5 37. Kh2 Qc3 38. Qd5 a4 39. Nf3 Qb3 40. Qxb3 axb3 41. Rb7 b2 42. Ne5 Bxe5 43. fxe5 Re8 44. Rxb2 Rxe5 1/2-1/2

[Event "London Classic op"]
[Site "London"]
[Date "2011.12.10"]
[Round "8"]
[White "Jones, Steven"]
[Black "Bass, John W"]
[Result "1-0"]
[WhiteElo "1878"]
[BlackElo "2071"]
[PlyCount "133"]
[EventDate "2011.12.03"]
[EventType "swiss"]
[EventRounds "9"]
[EventCountry "ENG"]
[SourceTitle "CBM 145 Extra"]
[Source "ChessBase"]
[SourceDate "2012.01.03"]
[SourceVersion "1"]
[SourceVersionDate "2012.01.03"]
[SourceQuality "1"]

1. Nf3 Nf6 2. c4 e6 3. b3 d5 4. g3 Be7 5. Bg2 0-0 6. 0-0 c5 7. e3 Nc6 8. Bb2 Qc7 9. Na3 a6 10. d4 Rd8 11. Qc2 Nb4 12. Qe2 Bd7 13. cxd5 Nfxd5 14. Rfc1 b6 15. Nc4 Rac8 16. dxc5 bxc5 17. Nfe5 Be8 18. e4 Nb6 19. Qg4 Nxc4 20. Nxc4 Bf8 21. Bc3 Bb5 22. Bf1 Nd3 23. Ba5 Qb8 24. Bxd8 Bxc4 25. Bxd3 Bxd3 26. Bg5 Qe5 27. Re1 c4 28. bxc4 Rxc4 29. Rad1 Rxe4 30. Rxe4 Bxe4 31. Re1 f5 32. Qd1 Qc3 33. Qe2 h6 34. Bd2 Qa3 35. Bc1 Qa4 36. Bf4 Bd5 37. Rc1 Kh7 38. Be5 Qxa2 39. Qxa2 Bxa2 40. Rc6 a5 41. Ra6 Bd5 42. Rxa5 g5 43. Bd4 Kg6 44. Rb5 Bg7 45. Bxg7 Kxg7 46. f4 Kg6 47. Rb8 gxf4 48. gxf4 Bf3 49. Kf2 Bd1 50. Rb1 Bc2 51. Re1 Kf6 52. Kg3 Be4 53. Ra1 Bd3 54. Kf2 Bc2 55. Ke3 Bb3 56. Kd4 Bd5 57. Kc5 Bf3 58. Kd6 Be4 59. Re1 Bd5 60. h4 h5 61. Rg1 Bc4 62. Rg8 Kf7 63. Rh8 Kg6 64. Ke5 Bb3 65. Rb8 Bc4 66. Rb6 Kf7 67. Rb7+ 1-0

[Event "Paington op"]
[Site "Paignton"]
[Date "2011.09.09"]
[Round "6"]
[White "Bass, John W"]
[Black "Cutmore, Martin J"]
[Result "1/2-1/2"]
[WhiteElo "2086"]
[BlackElo "2048"]
[PlyCount "47"]
[EventDate "2011.09.04"]
[EventType "swiss"]
[EventRounds "7"]
[EventCountry "ENG"]
[SourceTitle "CBM 144 Extra"]
[Source "ChessBase"]
[SourceDate "2011.10.28"]
[SourceVersion "1"]
[SourceVersionDate "2011.10.28"]
[SourceQuality "1"]

1. d4 Nf6 2. c4 c5 3. Nf3 cxd4 4. Nxd4 e5 5. Nb5 d5 6. cxd5 Bc5 7. e3 0-0 8. N5c3 e4 9. a3 Bf5 10. Nd2 Nbd7 11. Nb3 Bd6 12. Bd2 Rc8 13. Nd4 Bg6 14. h3 Qe7 15. Ncb5 Bc5 16. d6 Qd8 17. Bb4 a6 18. Bxc5 Nxc5 19. Nc3 Qxd6 20. Be2 Nd3+ 21. Bxd3 exd3 22. 0-0 Rfd8 23. Qd2 h6 24. Rae1 1/2-1/2

[Event "London Classic op"]
[Site "London"]
[Date "2010.12.13"]
[Round "7"]
[White "Kane, Robert"]
[Black "Bass, John W"]
[Result "0-1"]
[WhiteElo "1875"]
[BlackElo "2064"]
[PlyCount "92"]
[EventDate "2010.12.08"]
[EventType "swiss"]
[EventRounds "9"]
[EventCountry "ENG"]
[SourceTitle "CBM 139 Extra"]
[Source "ChessBase"]
[SourceDate "2011.01.05"]
[SourceVersion "1"]
[SourceVersionDate "2011.01.05"]
[SourceQuality "1"]

1. Nf3 Nf6 2. g3 b5 3. Bg2 Bb7 4. 0-0 e6 5. c3 c5 6. a4 b4 7. d4 cxd4 8. Nxd4 Bxg2 9. Kxg2 Qb6 10. f3 Nc6 11. Nxc6 Qxc6 12. e4 Be7 13. cxb4 Bxb4 14. Bd2 Rb8 15. Qc1 Qb7 16. Bxb4 Qxb4 17. Rf2 0-0 18. Rc2 d5 19. exd5 Nxd5 20. Nc3 Nxc3 21. Rxc3 Qxb2+ 22. Qxb2 Rxb2+ 23. Kg1 Rb7 24. Rac1 Rb4 25. Rc4 a5 26. h4 g6 27. Rxb4 axb4 28. Rb1 Rb8 29. a5 Ra8 30. Rxb4 Rxa5 31. Kg2 Kg7 32. Re4 h6 33. g4 Kf6 34. Rb4 Ra7 35. Rb5 g5 36. h5 Rd7 37. Kf2 Rd4 38. Ke3 Rf4 39. Ra5 e5 40. Ra6+ Kg7 41. Ra5 e4 42. Rf5 Rxf5 43. gxf5 exf3 44. Kxf3 Kf6 45. Ke4 g4 46. Kf4 g3 0-1